000 00380 a2200169 4500
001 189617
020 _a85-06-03402-7
040 _cMagnum
100 _aHays, Peter
240 1 0 _aO sonho do guerreiro
_lpor
245 1 0 _aO sonho do guerreiro
300 _a30
362 0 _a2000
440 1 _aMelhoramentos
697 _aLITERATURA INFANTO-JUVENIL ESTRANGEIRA
942 _cBK
999 _c189617
_d189617